Transistor Circuit Design (Record no. 194902)
[ view plain ]
| 000 -LEADER | |
|---|---|
| fixed length control field | 00529 a2200157 4500 |
| 003 - CONTROL NUMBER IDENTIFIER | |
| control field | Nust |
| 005 - DATE AND TIME OF LATEST TRANSACTION | |
| control field | 20170207154207.0 |
| 040 ## - CATALOGING SOURCE | |
| Transcribing agency | Nust |
| 082 ## - DEWEY DECIMAL CLASSIFICATION NUMBER | |
| Classification number | 621.3815 |
| 100 ## - MAIN ENTRY--PERSONAL NAME | |
| Personal name | Joseph A. Walter |
| 245 ## - TITLE STATEMENT | |
| Title | Transistor Circuit Design |
| 260 ## - PUBLICATION, DISTRIBUTION, ETC. | |
| Place of publication, distribution, etc. | London |
| Name of publisher, distributor, etc. | McGRAW-HILL |
| Date of publication, distribution, etc. | 1963 |
| 300 ## - PHYSICAL DESCRIPTION | |
| Extent | v, 496 |
| 505 ## - FORMATTED CONTENTS NOTE | |
| Formatted contents note | Part 1:- Fundamentals Considerations (Page-3) Part 2:- D-C and Low frequency Design (Page-86) Part 3:- High Frequency Designs (Page-253) Part 4:- Switching Mode Designers (Page-369) |
| 538 ## - SYSTEM DETAILS NOTE | |
| System details note | Almirah No. 130 and Shelf No. 3 |
| 942 ## - ADDED ENTRY ELEMENTS (KOHA) | |
| Source of classification or shelving scheme | |
| Koha item type | Book |
| Withdrawn status | Lost status | Source of classification or shelving scheme | Damaged status | Not for loan | Collection code | Permanent Location | Current Location | Date acquired | Total Checkouts | Full call number | Barcode | Date last seen | Price effective from | Koha item type |
|---|---|---|---|---|---|---|---|---|---|---|---|---|---|---|
| Military College of Signals (MCS) | Military College of Signals (MCS) | 12/12/2016 | 621.3815 WAL | MCS11650 | 12/08/2016 | 12/12/2016 | Book |
